les records du foot - Statistiques

Statistiques générales
  • Ce quiz a été pris 666 fois
  • Le résultat moyen est 21 sur 23
Statistiques - réponses
record joueur % Correct
Meilleur buteur de la ligue des champions Cristiano ronaldo
99%
Meilleur buteur de l'histoire Cristiano ronaldo
97%
Meilleur buteur en selection Cristiano ronaldo
96%
Meilleur passeur de la ligue des champions Cristiano ronaldo
95%
Meilleur buteur sur une saison de ligue des champions Cristiano ronaldo
95%
Plus de trophée fifa the best Cristiano ronaldo
93%
Premier joueur a marqué dans 5 coupe du monde différentes Cristiano ronaldo
93%
Plus de ligue des champions gagnées par un joueur Cristiano ronaldo
92%
Plus de match consécutif en étant buteur dans le classico espagnol Cristiano ronaldo
92%
Meilleur ratio de but en liga Cristiano ronaldo
92%
Le plus de match en ligue des champions Cristiano ronaldo
91%
Nombre de but marqués en phase finale de l'euro Cristiano ronaldo
91%
Personnalités la plus suivi sur instagram Cristiano ronaldo
90%
Sportif le mieux payés de tout les temps sur un ans Cristiano ronaldo
90%
Le plus de matchs consécutifs en marquant en Ligue des champions Cristiano ronaldo
89%
Le plus de triplés en ligue des champions Cristiano ronaldo
89%
Le plus de but avec le real madrid Cristiano ronaldo
89%
Le plus de coups francs en ligue des champions Cristiano ronaldo
88%
Premier joueur a marqués dans 3 finales de ligue des champions Cristiano ronaldo
88%
Premier joueur a marqués dans les 6 match de poules de ligue des champions Cristiano ronaldo
88%
Premier joueur a marqués dans 5 euros differents Cristiano ronaldo
87%
Le plus de penalty raté en coupe du monde Lionel messi
84%
Le plus de penalty ratés Lionel messi
83%
Aucun quiz correspondant
Distribution des résultats
% des personnes avec chaque résultat
Percentile par nombre de réponses
Votre historique - résultats
Vous n’avez pas pris ce quiz